000 00811nam a2200289Ia 4500
008 160716s9999||||xx |||||||||||||| ||und||
040 _cEnglish
082 _aXVB/ICO
082 _bBORI-66825
100 _aR. N. Dandekar
245 _aXxxi International Congress Of Human Science In Asia And North Africa
260 _aTokoyo
260 _bOrganising Committee
260 _c1983
300 _a22
300 _cA
300 _ePaperback
530 _u00066825.pdf
563 _aReference
600 _aR. N. Dandekar
630 _aXxxi International Congress Of Human Science In Asia And North Africa
650 _aReference
650 _asummeries
700 _aR. N. Dandekar
730 _aXxxi International Congress Of Human Science In Asia And North Africa
942 _cBOOK
999 _c1397806
_d1397803